[Event "Xtracon Chess Open 2017"]
[Site "Helsingor DEN"]
[Date "2017.07.30"]
[Round "10.72"]
[White "Sorensen, Torben Kyhl"]
[Black "Meurman, Arne"]
[Result "1-0"]
[WhiteElo "2155"]
[BlackElo "1980"]
[WhiteFideId "1412248"]
[BlackFideId "1704923"]
[EventDate "2017.07.22"]

1. e4 c5 2. d4 cxd4 3. c3 d3 4. Bxd3 Nc6 5. Nf3 d6 6. c4 Nf6 7. Nc3 g6 8. O-O
Bg7 9. h3 O-O 10. a3 Bd7 11. Bd2 Qc8 12. Rc1 Nh5 13. Be2 f5 14. Nh4 Nf6 15. exf5
gxf5 16. Bg5 Be6 17. Nd5 Qd7 18. Nxf6+ Bxf6 19. Bxf6 Rxf6 20. f4 Qd8 21. Kh1 Qb6
22. b4 a5 23. Nf3 axb4 24. axb4 Qxb4 25. Rb1 Qc5 26. Rb5 Qe3 27. Rxb7 Ra2 28.
Rc7 Qb6 29. Qb1 Rb2 30. Qa1 Nd8 31. Rxe7 Rf8 32. Ng5 Bf7 33. c5 dxc5 34. Nxf7
Nxf7 35. Bc4 Qd6 36. Rxf7 1-0

[Event "Xtracon Chess Open 2017"]
[Site "Helsingor DEN"]
[Date "2017.07.30"]
[Round "10.73"]
[White "Ivarsson, Torbjorn"]
[Black "Justinussen, Sigurd B."]
[Result "1-0"]
[WhiteElo "2145"]
[BlackElo "1963"]
[WhiteFideId "1705865"]
[BlackFideId "7200773"]
[EventDate "2017.07.22"]

1. e4 e5 2. Nf3 Nc6 3. Nc3 d6 4. d4 Bg4 5. Bb5 exd4 6. Qxd4 a6 7. Bxc6+ bxc6 8.
Qa4 Bd7 9. O-O Be7 10. Qd4 Nf6 11. e5 Ng4 12. exd6 cxd6 13. Qxg7 Bf6 14. Re1+
Ne5 15. Nxe5 dxe5 16. Qg3 Qc7 17. Bf4 O-O-O 18. Bxe5 Bxe5 19. Qxe5 Qb6 20. Ne4
Kb7 21. Rad1 Bg4 22. Nd6+ Ka8 23. Rd3 Be6 24. Red1 Rhg8 25. c4 Rg4 26. b3 Rg6
27. Ne4 Rdg8 28. Rg3 Bg4 29. Qd4 Qc7 30. f3 Bc8 31. Rxg6 hxg6 32. Qd6 Qb6+ 33.
Nc5 g5 34. Kf1 g4 35. fxg4 Bxg4 36. Rd2 Re8 37. g3 a5 38. b4 Rc8 39. h3 Be6 40.
Nxe6 fxe6 41. c5 Qb5+ 42. Qd3 Qb7 43. bxa5 Qa7 44. Qc3 Rf8+ 45. Kg1 Qf7 46. Qc4
Kb7 47. Qd3 Qf6 48. Qd7+ Kb8 49. Qd6+ Ka7 50. Qc7+ 1-0

[Event "Xtracon Chess Open 2017"]
[Site "Helsingor DEN"]
[Date "2017.07.30"]
[Round "10.74"]
[White "Preuss, Flemming"]
[Black "Rolvag, Mikael"]
[Result "0-1"]
[WhiteElo "1986"]
[BlackElo "2182"]
[WhiteFideId "1403338"]
[BlackFideId "1500481"]
[EventDate "2017.07.22"]

1. f4 d5 2. Nf3 g6 3. g3 Bg7 4. Bg2 Nf6 5. d3 b6 6. O-O Bb7 7. c3 Nbd7 8. Qc2
O-O 9. Nbd2 a5 10. e4 dxe4 11. Nxe4 Nxe4 12. dxe4 Nc5 13. e5 Be4 14. Qf2 Qc8 15.
Be3 Ne6 16. Rad1 c5 17. Rd2 Qc7 18. Rfd1 Rad8 19. h4 Rxd2 20. Rxd2 Rd8 21. Ng5
Bf5 22. Bd5 Nxg5 23. hxg5 h5 24. gxh6 Bxh6 25. Qf3 e6 26. Be4 Rxd2 27. Bxd2 Qd7
28. Be3 Qa4 29. Bxf5 gxf5 30. a3 Qc2 31. Qf2 Qb1+ 32. Kg2 Bf8 33. Qd2 Qe4+ 34.
Kh2 a4 35. Qf2 Be7 36. Kg1 Kf8 37. Kh2 Qd5 38. Kg1 b5 39. Qd2 Qxd2 40. Bxd2 Ke8
41. Kf2 Kd7 42. Ke3 Kc6 43. Kd3 Kd5 44. Be3 f6 45. exf6 Bxf6 46. Bf2 Bd8 47. Be3
Bb6 48. Kd2 Kc4 49. Kc2 Bc7 50. Bf2 Bd6 51. Be1 Kd5 52. Kd3 Bb8 53. Bf2 Ba7 54.
Kd2 Bb6 55. Be3 Ba5 56. Kd3 Bd8 57. Bf2 Bf6 58. Be1 e5 59. fxe5 Bxe5 60. Bf2 b4
61. axb4 cxb4 62. cxb4 Bxb2 63. b5 Be5 64. Kc2 Kc4 65. b6 a3 66. b7 a2 0-1

[Event "Xtracon Chess Open 2017"]
[Site "Helsingor DEN"]
[Date "2017.07.30"]
[Round "10.75"]
[White "Nilssen, Ellen Fredericia"]
[Black "Nielsen, Thomas Bach2"]
[Result "1/2-1/2"]
[WhiteElo "1948"]
[BlackElo "2144"]
[WhiteFideId "1441230"]
[BlackFideId "1401785"]
[EventDate "2017.07.22"]

1. Nf3 f5 2. g3 Nf6 3. Bg2 g6 4. O-O Bg7 5. d3 O-O 6. e4 d6 7. exf5 gxf5 8. d4
Nc6 9. Re1 e5 10. dxe5 dxe5 11. c3 e4 12. Ng5 Ne5 13. Qb3+ Kh8 14. Rd1 Qe7 15.
Nh3 Nfg4 16. Bg5 Qc5 17. Rd5 Qc6 18. Qd1 Be6 19. Rd2 Rae8 20. Na3 Qb6 21. Qe2
Nd3 22. Be3 Nxe3 23. Qxe3 Qxe3 24. fxe3 a6 25. Nf4 Ne5 26. h3 Bf7 27. Nc2 c5 28.
Kf2 b5 29. b3 c4 30. Nd4 Nd3+ 31. Nxd3 cxd3 32. Kg1 b4 33. c4 Rd8 34. Rf1 Bg6
35. Ne6 Bc3 36. Rdd1 Be5 37. Nxf8 Rxf8 38. Bxe4 fxe4 39. Rxf8+ Kg7 40. Rd8 Bxg3
41. Rd5 Kf6 42. Ra5 Ke7 43. Kg2 Bh4 44. Rd5 Ke6 45. Ra5 Ke7 46. Kf1 Kd7 47. Rd5+ 1/2-1/2

[Event "Xtracon Chess Open 2017"]
[Site "Helsingor DEN"]
[Date "2017.07.30"]
[Round "10.76"]
[White "Laverton, Christian"]
[Black "Hoti, Nimon"]
[Result "1/2-1/2"]
[WhiteElo "2133"]
[BlackElo "1953"]
[WhiteFideId "1506846"]
[BlackFideId "1510746"]
[EventDate "2017.07.22"]

1. d4 Nf6 2. c4 e6 3. Nc3 Bb4 4. Qc2 b6 5. Bg5 Bb7 6. Nf3 O-O 7. e3 h6 8. Bxf6
Qxf6 9. Be2 d6 10. O-O Bxc3 11. Qxc3 Nd7 12. Rfd1 Rfd8 13. b4 a5 14. a3 axb4 15.
axb4 g5 16. Nd2 Qe7 17. Nb3 c5 18. bxc5 dxc5 19. Rxa8 Rxa8 20. Ra1 Qd8 21. f3
Rxa1+ 22. Nxa1 Qa8 23. Nc2 Qa2 24. Bd3 Bc6 25. Na3 Ba4 26. h3 Qb3 1/2-1/2

[Event "Xtracon Chess Open 2017"]
[Site "Helsingor DEN"]
[Date "2017.07.30"]
[Round "10.77"]
[White "Sebastian, Andreas"]
[Black "Jacobsen, Per"]
[Result "1-0"]
[WhiteElo "1800"]
[BlackElo "1575"]
[WhiteFideId "1529498"]
[BlackFideId "1413856"]
[EventDate "2017.07.22"]

1. c4 f5 2. g3 Nf6 3. Bg2 e6 4. Nc3 d5 5. Nf3 c6 6. O-O Bd6 7. d3 O-O 8. Qc2
Nbd7 9. b3 e5 10. cxd5 cxd5 11. Nb5 Bc5 12. d4 exd4 13. Nbxd4 Qb6 14. Nxf5 Ng4
15. e3 Nde5 16. N5d4 Nxf3+ 17. Nxf3 Bf5 18. Qd1 Be4 19. h3 Qf6 20. Bd2 Bxf3 21.
Bxf3 Qxf3 22. Qxf3 Rxf3 23. hxg4 Raf8 24. Rac1 Bd6 25. Bc3 h6 26. Bd4 a6 27. Bc5
R8f6 28. Kg2 Bxc5 29. Rxc5 h5 30. gxh5 R3f5 31. g4 Rg5 32. f4 1-0

[Event "Xtracon Chess Open 2017"]
[Site "Helsingor DEN"]
[Date "2017.07.30"]
[Round "10.78"]
[White "Easwaralingam, Adesh"]
[Black "Sorensen, Bernhard W."]
[Result "1/2-1/2"]
[WhiteElo "1941"]
[BlackElo "1686"]
[WhiteFideId "1448552"]
[BlackFideId "1442074"]
[EventDate "2017.07.22"]

1. e4 e6 2. d4 d5 3. Nd2 Nf6 4. e5 Nfd7 5. Bd3 c5 6. c3 Nc6 7. Ngf3 Qb6 8. O-O
cxd4 9. cxd4 Nxd4 10. Nxd4 Qxd4 11. Nf3 Qb6 12. Qa4 Be7 13. Qg4 g6 14. Rb1 Qc7
15. Re1 Nc5 16. Bc2 Na6 17. Ba4+ Bd7 18. a3 Nc5 19. Bxd7+ Qxd7 20. Qd4 Nb3 21.
Qc3 Nxc1 22. Rexc1 O-O 23. Qc7 Rfd8 24. Rc2 b6 25. b4 Kf8 26. Nd4 Qxc7 27. Rxc7
Bg5 28. h4 Bf4 29. Nc6 Rdc8 30. Rxc8+ Rxc8 31. b5 a6 32. a4 axb5 33. axb5 Ra8
34. g3 Bd2 35. Rb3 Ra1+ 36. Kg2 Ra2 37. Kh3 Bc1 38. Rc3 Ba3 39. Nb8 Kg7 40. f4
Bc5 41. Rb3 h5 42. Nd7 1/2-1/2

[Event "Xtracon Chess Open 2017"]
[Site "Helsingor DEN"]
[Date "2017.07.30"]
[Round "10.80"]
[White "Hviid, Hans Henrik"]
[Black "Joensen, Sigurd"]
[Result "1/2-1/2"]
[WhiteElo "1263"]
[BlackElo "1567"]
[WhiteFideId "1425374"]
[BlackFideId "7200935"]
[EventDate "2017.07.22"]

1. e4 e5 2. Nf3 d6 3. h3 Nf6 4. Nc3 g6 5. Bc4 Qe7 6. d3 Be6 7. Bb5+ c6 8. Ba4
Na6 9. Be3 Bd7 10. a3 d5 11. exd5 cxd5 12. Bxd7+ Qxd7 13. Nxe5 Qc7 14. d4 Qb6
15. Rb1 Bg7 16. O-O O-O 17. Qf3 Nc7 18. Rfd1 Qe6 1/2-1/2

[Event "Xtracon Chess Open 2017"]
[Site "Helsingor DEN"]
[Date "2017.07.30"]
[Round "10.82"]
[White "Lien, Kjell Hakon"]
[Black "Bjornes, Leif"]
[Result "1-0"]
[WhiteElo "2120"]
[BlackElo "1934"]
[WhiteFideId "1510444"]
[BlackFideId "1507397"]
[EventDate "2017.07.22"]

1. Nf3 d5 2. c4 c6 3. e3 Nf6 4. Nc3 e6 5. b3 Nbd7 6. Qc2 Be7 7. Bb2 O-O 8. d4 b6
9. Bd3 Bb7 10. O-O h6 11. Rac1 Rc8 12. Rfd1 Qc7 13. Qe2 Qb8 14. Bb1 Rfd8 15. e4
dxe4 16. Nxe4 Nxe4 17. Qxe4 Nf8 18. Ne5 c5 19. d5 Bf6 20. Rd3 exd5 21. cxd5 Re8
22. f4 Rcd8 23. Rcd1 Qd6 24. Qf5 Bc8 25. Qh5 Re7 26. Rg3 c4 27. Qxh6 Ng6 28.
Rxg6 fxg6 29. Qxg6 Bxe5 30. Qh7+ Kf7 31. fxe5 Qh6 32. Bg6+ Qxg6 33. Rf1+ 1-0

[Event "Xtracon Chess Open 2017"]
[Site "Helsingor DEN"]
[Date "2017.07.30"]
[Round "10.83"]
[White "Rosell, Sven"]
[Black "Kvamme, John A"]
[Result "1/2-1/2"]
[WhiteElo "1930"]
[BlackElo "2116"]
[WhiteFideId "1707760"]
[BlackFideId "1500562"]
[EventDate "2017.07.22"]

1. c4 g6 2. Nc3 Bg7 3. d4 Nf6 4. e4 d6 5. h3 O-O 6. Be3 c5 7. d5 b5 8. cxb5 a6
9. a4 Qa5 10. Bd2 Nbd7 11. Nf3 Qb4 12. Bd3 c4 13. Bc2 Nc5 14. Na2 Qxb2 15. Bc3
Qa3 16. Nd2 Nd3+ 17. Bxd3 cxd3 18. Bb4 Qb2 19. Bc3 Qa3 20. Bb4 Qb2 21. Bc3 Qa3 1/2-1/2

[Event "Xtracon Chess Open 2017"]
[Site "Helsingor DEN"]
[Date "2017.07.30"]
[Round "10.84"]
[White "Meyer, Juergen"]
[Black "Johansen, Oivind"]
[Result "1/2-1/2"]
[BlackTitle "FM"]
[WhiteElo "1928"]
[BlackElo "2108"]
[WhiteFideId "24661759"]
[BlackFideId "1501119"]
[EventDate "2017.07.22"]

1. e4 d5 2. exd5 Qxd5 3. Nc3 Qa5 4. d4 Nf6 5. Bc4 c6 6. Ne2 e6 7. Bd2 Qc7 8. Bf4
Bd6 9. Qd2 O-O 10. O-O Nbd7 11. Bxd6 Qxd6 12. Qf4 Qe7 13. Qh4 Re8 14. a3 b6 15.
Bd3 Bb7 16. Rae1 1/2-1/2

[Event "Xtracon Chess Open 2017"]
[Site "Helsingor DEN"]
[Date "2017.07.30"]
[Round "10.85"]
[White "Nielsen, Morten Majlund"]
[Black "Eriksson, Kristian"]
[Result "1/2-1/2"]
[WhiteElo "1927"]
[BlackElo "2093"]
[WhiteFideId "1445448"]
[BlackFideId "1705172"]
[EventDate "2017.07.22"]

1. d4 Nf6 2. c4 e6 3. g3 Bb4+ 4. Bd2 c5 5. Bxb4 cxb4 6. Bg2 O-O 7. e4 d6 8. Nd2
e5 9. Ne2 Nc6 10. Nb3 a5 11. d5 Nb8 12. a3 bxa3 13. Rxa3 b6 14. O-O Ba6 15. Nd2
Nbd7 16. Qa1 Nc5 17. Nc3 Nfd7 18. Qb1 Qg5 19. Nf3 Qh5 20. Nb5 Bxb5 21. cxb5 a4
22. Nd2 Qe2 23. Rd1 Qxb5 24. Bf1 Qb4 25. Nc4 Nb3 26. Qd3 Rfc8 27. Ne3 Nd4 28.
Bh3 Nc5 29. Qc4 Qxb2 30. Ra2 1/2-1/2

[Event "Xtracon Chess Open 2017"]
[Site "Helsingor DEN"]
[Date "2017.07.30"]
[Round "10.86"]
[White "Mejvik, Jacob"]
[Black "Mansoor, Afras"]
[Result "1-0"]
[WhiteElo "2085"]
[BlackElo "1917"]
[WhiteFideId "1710621"]
[BlackFideId "1522108"]
[EventDate "2017.07.22"]

1. d4 Nf6 2. Bg5 Ne4 3. Bf4 d5 4. e3 c5 5. c3 Nc6 6. Bd3 Nf6 7. h3 g6 8. Nf3 Bg7
9. dxc5 Nd7 10. Bb5 Nxc5 11. O-O O-O 12. a4 a6 13. Bxc6 bxc6 14. Ne5 Qb6 15. b4
Ne4 16. a5 Qb7 17. f3 Nd6 18. Nd2 Bf5 19. Nb3 f6 20. Nd3 Bxd3 21. Qxd3 e5 22.
Bg3 Rad8 23. Nc5 Qc8 24. Qxa6 Qxa6 25. Nxa6 f5 26. Rac1 Nc4 27. Rfe1 e4 28. Bc7
Rd7 29. Bf4 h6 30. Nb8 Rdf7 31. Nxc6 g5 32. Bg3 Rc8 33. b5 Rb7 34. a6 Rf7 35. a7
f4 36. exf4 gxf4 37. Bxf4 1-0

[Event "Xtracon Chess Open 2017"]
[Site "Helsingor DEN"]
[Date "2017.07.30"]
[Round "10.87"]
[White "McAndrew, Robert"]
[Black "Ingebretsen, Jens E"]
[Result "1-0"]
[WhiteElo "1909"]
[BlackElo "2053"]
[WhiteFideId "2404915"]
[BlackFideId "1522965"]
[EventDate "2017.07.22"]

1. Nf3 Nf6 2. g3 d5 3. Bg2 Bg4 4. d3 Nbd7 5. c4 e6 6. O-O Be7 7. h3 Bh5 8. g4
Bg6 9. cxd5 Nxd5 10. Nc3 c6 11. a3 Qc7 12. Qd2 Bd6 13. Nxd5 cxd5 14. b4 O-O 15.
Bb2 a5 16. Rfc1 Qb6 17. Bd4 Qb5 18. Bc3 e5 19. bxa5 f6 20. Rab1 Qa6 21. Bb4 Rfb8
22. Nh4 Bf7 23. Nf5 Bxb4 24. axb4 Qe6 25. Bxd5 Qa6 26. Qa2 Rf8 27. Rc7 Rad8 28.
b5 Qa7 29. Bxf7+ Rxf7 30. Nd6 1-0

[Event "Xtracon Chess Open 2017"]
[Site "Helsingor DEN"]
[Date "2017.07.30"]
[Round "10.88"]
[White "Magnussen, Pal"]
[Black "Jepsen, Thomas Tange"]
[Result "0-1"]
[WhiteElo "1881"]
[BlackElo "2052"]
[WhiteFideId "1711814"]
[BlackFideId "1405357"]
[EventDate "2017.07.22"]

1. e4 c6 2. d4 d5 3. e5 Bf5 4. Nf3 e6 5. Bd3 Bxd3 6. Qxd3 Nd7 7. O-O Ne7 8. c4
dxc4 9. Qxc4 Nd5 10. Nc3 N7b6 11. Qe2 Be7 12. Qe4 O-O 13. Qg4 Kh8 14. Ne4 Qc8
15. Nfg5 h6 16. Qh5 Kg8 17. Nh3 f5 18. Nc3 Qe8 19. Qe2 Qg6 20. f4 Rfd8 21. Kh1
Rd7 22. Ng1 Rad8 23. Bd2 a6 24. Nf3 Qg4 25. h3 Qh5 26. Ng1 Qxe2 27. Ncxe2 Nc4
28. Bc3 b5 29. Rab1 b4 30. Be1 Rc8 31. b3 Na3 32. Rc1 c5 33. dxc5 Bxc5 34. Bf2
Rdc7 35. Bxc5 Rxc5 36. Rxc5 Rxc5 37. Nd4 Kf7 38. g4 g6 39. Kh2 Nc3 40. Rc1 Rd5
41. Ngf3 a5 42. gxf5 gxf5 43. h4 Nab5 44. Nxb5 Rxb5 45. Rc2 Rd5 46. h5 Rd1 47.
Nd2 Ne2 48. Rc7+ Ke8 49. Nc4 Nxf4 50. Rh7 Nxh5 51. Rxh6 Nf4 52. Kg3 Ne2+ 53. Kf2
Nd4 54. Rh8+ Kd7 55. Rh7+ Kc6 56. Nxa5+ Kd5 57. Nc4 Ke4 58. Rb7 Ra1 59. Ra7 Nxb3
60. Ra4 Nd4 61. Rxb4 Rxa2+ 62. Rb2 Rxb2+ 63. Nxb2 Kxe5 64. Nc4+ Kf4 65. Nb2 e5
66. Nd3+ Ke4 67. Ne1 f4 68. Ng2 Kf5 69. Ne1 e4 70. Ng2 Kg4 71. Ne3+ fxe3+ 72.
Kxe3 Kf5 73. Kxd4 Kf4 0-1

[Event "Xtracon Chess Open 2017"]
[Site "Helsingor DEN"]
[Date "2017.07.30"]
[Round "10.89"]
[White "Skjoldager, Mikael"]
[Black "Rasmussen, Henrik"]
[Result "1-0"]
[WhiteElo "2050"]
[BlackElo "1822"]
[WhiteFideId "1434314"]
[BlackFideId "1437011"]
[EventDate "2017.07.22"]

1. e4 c5 2. Nf3 g6 3. d4 cxd4 4. Nxd4 Bg7 5. c4 Nc6 6. Nc2 Nf6 7. Nc3 O-O 8. Be3
d6 9. f3 Re8 10. Qd2 Be6 11. Rc1 Ne5 12. b3 Qa5 13. Nd4 Bd7 14. Be2 Rac8 15. O-O
Nc6 16. Rfd1 a6 17. Kh1 b5 18. Nxc6 Bxc6 19. cxb5 Bxb5 20. Nxb5 Qd8 21. Nd4 Ra8
22. Rc6 a5 23. Rdc1 1-0

[Event "Xtracon Chess Open 2017"]
[Site "Helsingor DEN"]
[Date "2017.07.30"]
[Round "10.90"]
[White "Hafstad, Leif"]
[Black "Kristiansen, Willy"]
[Result "0-1"]
[WhiteElo "1735"]
[BlackElo "2041"]
[WhiteFideId "438030"]
[BlackFideId "1504525"]
[EventDate "2017.07.22"]

1. e4 e5 2. Nf3 Nc6 3. Bb5 Nf6 4. Qe2 Bc5 5. c3 O-O 6. d3 Re8 7. O-O d5 8. Bg5
Bg4 9. Nbd2 a6 10. Ba4 b5 11. Bb3 d4 12. c4 Na5 13. cxb5 axb5 14. Bc2 Bd6 15.
Rfc1 h6 16. Bh4 g5 17. Bg3 Nd7 18. Nb3 c5 19. Nxa5 Rxa5 20. Bb3 Qf6 21. Qe1 Ra7
22. Nd2 Nb6 23. f3 Be6 24. Qd1 Rea8 25. a3 Rc7 26. Be1 c4 27. dxc4 bxc4 28. Bc2
Qe7 29. Bf2 Nd7 30. a4 Bb4 31. Be1 Nc5 32. Nb1 Rb7 33. Na3 d3 34. Bb1 Bxe1 35.
Qxe1 Nb3 36. Ba2 d2 0-1

[Event "Xtracon Chess Open 2017"]
[Site "Helsingor DEN"]
[Date "2017.07.30"]
[Round "10.91"]
[White "Tabaa, Ghayth"]
[Black "Amin, Idris"]
[Result "1-0"]
[WhiteElo "2041"]
[BlackElo "1819"]
[WhiteFideId "7603819"]
[BlackFideId "1746022"]
[EventDate "2017.07.22"]

1. d4 d6 2. e4 g6 3. Nf3 Bg7 4. Bd3 Nd7 5. O-O c5 6. c3 Qb6 7. Nbd2 Qc7 8. Re1
a6 9. a4 a5 10. Nc4 Nf8 11. e5 dxe5 12. dxe5 Ne6 13. Qb3 Ra6 14. Ne3 Rb6 15. Qa2
Nf4 16. Bb5+ Kf8 17. Nc4 Nd3 18. Rd1 Nxc1 19. Raxc1 Be6 20. Nxb6 Bxa2 21. Nd7+
Ke8 22. Nxc5+ Kf8 23. Rd7 Bxe5 24. Rxc7 Bxc7 25. c4 b6 26. Nd7+ Kg7 27. Ra1 Bb3
28. Nd4 Bxc4 29. Bxc4 Nh6 30. Nb5 Rc8 31. Bb3 Bd8 32. Ne5 e6 33. Rd1 Bf6 34. f4
Rc5 35. Nd7 Rf5 36. Nxf6 Kxf6 37. g3 Rc5 38. Nd6 Rc6 39. h3 Nf5 40. Nxf5 Kxf5
41. Kf2 h5 42. Kf3 Rc5 43. g4+ hxg4+ 44. hxg4+ Kf6 45. Rd7 g5 46. fxg5+ Kg6 47.
Rd6 b5 48. Rb6 bxa4 49. Bxa4 Rc4 50. b3 Rc3+ 51. Kf4 Rd3 52. Rb5 Rd4+ 53. Kf3
Rd1 54. Rxa5 Rd3+ 55. Ke4 Rg3 56. Kf4 Rg1 57. Rc5 Rf1+ 58. Ke3 Re1+ 59. Kf2 Re4
60. Kf3 Re1 61. b4 e5 62. Kf2 Ra1 63. Bc2+ Kxg5 64. Rxe5+ Kxg4 65. Re4+ Kg5 66.
b5 Ra2 67. Rc4 Rb2 68. Rc5+ Kf4 69. Ke2 f6 70. Kd2 Kg4 71. Kc3 Ra2 72. b6 Ra8
73. b7 Rb8 74. Bf5+ Kg5 75. Bc8+ Kg6 76. Kd4 Kf7 77. Ke4 1-0

[Event "Xtracon Chess Open 2017"]
[Site "Helsingor DEN"]
[Date "2017.07.30"]
[Round "10.92"]
[White "Shehzad, Shazil"]
[Black "Thaler, Toni"]
[Result "0-1"]
[WhiteElo "1678"]
[BlackElo "2041"]
[WhiteFideId "1521942"]
[BlackFideId "1303864"]
[EventDate "2017.07.22"]

1. e4 c5 2. Nc3 Nc6 3. g3 g6 4. Bg2 Bg7 5. d3 e6 6. Be3 d6 7. Nge2 Nd4 8. Qd2
Rb8 9. Nd1 b5 10. c3 Nxe2 11. Qxe2 b4 12. O-O bxc3 13. bxc3 Qa5 14. Qc2 Ne7 15.
f4 O-O 16. Bd2 Qa3 17. Bc1 Qa5 18. Bd2 Qa3 19. Bc1 Qa6 20. Ne3 Bd7 21. Bb2 Bb5
22. Rfd1 Ba4 23. Qd2 Bxd1 24. Nxd1 Qa5 25. Qe2 Rb6 26. d4 cxd4 27. cxd4 Rfb8 28.
Kh1 d5 29. e5 h5 30. a4 Nf5 31. Bf1 Bf8 32. Qc2 Ne3 33. Nxe3 Rxb2 34. Qc1 Qd2
35. Qxd2 Rxd2 36. Ng2 Rxd4 37. Ba6 Rdb4 38. Kg1 Rb1+ 39. Rxb1 Bc5+ 40. Kf1 Rxb1+
41. Ke2 Rb2+ 42. Kf1 Rf2+ 43. Kg1 Rxf4+ 44. Kh1 Re4 45. Nf4 Bd4 0-1

[Event "Xtracon Chess Open 2017"]
[Site "Helsingor DEN"]
[Date "2017.07.30"]
[Round "10.93"]
[White "Nilsson, Patrik1"]
[Black "Rasmussen, Morten Fredsgaard2"]
[Result "1-0"]
[WhiteElo "2152"]
[BlackElo "1922"]
[WhiteFideId "1708171"]
[BlackFideId "1410636"]
[EventDate "2017.07.22"]

1. e4 c6 2. d4 d5 3. exd5 cxd5 4. c4 Nf6 5. Nc3 e6 6. Nf3 Bb4 7. Bd3 Nc6 8. O-O
dxc4 9. Bxc4 O-O 10. Bg5 Be7 11. Re1 a6 12. a3 b5 13. Bd3 Bb7 14. Bc2 Re8 15.
Qd3 g6 16. Rad1 Nd5 17. Bxe7 Rxe7 18. Ne4 e5 19. Bb3 exd4 20. Bxd5 Ne5 21. Nxe5 1-0

[Event "Xtracon Chess Open 2017"]
[Site "Helsingor DEN"]
[Date "2017.07.30"]
[Round "10.94"]
[White "Wahlund, Max"]
[Black "Mehringer, Joerg"]
[Result "1/2-1/2"]
[WhiteElo "2142"]
[BlackElo "1918"]
[WhiteFideId "1741861"]
[BlackFideId "12915351"]
[EventDate "2017.07.22"]

1. e4 e5 2. Nf3 Nc6 3. Nc3 Nf6 4. g3 Bc5 5. Bg2 O-O 6. O-O Re8 7. d3 a6 8. Be3
Bf8 9. Nh4 d6 10. h3 Ne7 11. f4 exf4 12. Bxf4 Ng6 13. Nxg6 hxg6 14. Bg5 Be7 15.
Qf3 Rf8 16. d4 c6 17. Rad1 Nh7 18. Bxe7 Qxe7 19. Qf4 Ng5 20. Kh2 f6 21. Rfe1 Bd7
22. Na4 Rad8 23. Nb6 Be8 24. Qe3 Qc7 25. Nc4 Bf7 26. Nd2 Rde8 27. h4 Ne6 28. Bh3
Qb6 29. Nb3 Nc7 30. Qd3 a5 31. a4 Qb4 32. Qc3 Bxb3 33. cxb3 Re7 34. Qc4+ Qxc4
35. bxc4 Rfe8 1/2-1/2

[Event "Xtracon Chess Open 2017"]
[Site "Helsingor DEN"]
[Date "2017.07.30"]
[Round "10.95"]
[White "Madsen, Michael B."]
[Black "Stern, Geoffrey"]
[Result "0-1"]
[WhiteElo "2092"]
[BlackElo "1897"]
[WhiteFideId "1413031"]
[BlackFideId "4002679"]
[EventDate "2017.07.22"]

1. d4 d5 2. c4 e6 3. Nc3 Nf6 4. cxd5 exd5 5. Bg5 c6 6. e3 Nbd7 7. Bd3 Be7 8.
Nge2 O-O 9. O-O Re8 10. Qc2 Nf8 11. f3 Ng6 12. Rad1 Be6 13. e4 dxe4 14. fxe4 Ng4
15. Bxe7 Rxe7 16. Qd2 Qc7 17. e5 Qb6 18. h3 N4xe5 19. Na4 Qc7 20. dxe5 Bxa2 21.
Nac3 Bb3 22. Bc2 Bxc2 23. Qxc2 Rxe5 24. Qd2 h6 25. Nf4 Rae8 26. Nxg6 fxg6 27.
Rf3 b5 28. b4 a5 29. Qa2+ Kh7 30. Qxa5 Re1+ 31. Rf1 Rxf1+ 32. Rxf1 Qg3 33. Nd1
Re1 34. Qd8 Rxf1+ 35. Kxf1 Qf4+ 36. Ke2 Qxb4 37. Ne3 c5 38. Qd2 Qb3 39. h4 Qe6
40. Qd5 Qb6 41. h5 gxh5 42. Qxh5 b4 43. Qf5+ Kh8 44. Qf8+ Kh7 45. Nf5 Qg6 46. g3
c4 47. Ne7 Qe6+ 48. Kf2 b3 49. Nf5 Qf6 0-1

[Event "Xtracon Chess Open 2017"]
[Site "Helsingor DEN"]
[Date "2017.07.30"]
[Round "10.96"]
[White "Winfridsson, Hakan"]
[Black "Skjoldager, Flemming"]
[Result "1/2-1/2"]
[WhiteElo "2081"]
[BlackElo "1906"]
[WhiteFideId "1706292"]
[BlackFideId "1406515"]
[EventDate "2017.07.22"]

1. e4 d5 2. exd5 Qxd5 3. Nc3 Qd6 4. Bc4 Nf6 5. d3 c6 6. Nge2 e5 7. Bg5 Be7 8.
Qd2 Be6 9. Bxe6 Qxe6 10. h3 Nbd7 11. O-O-O O-O-O 12. Rhe1 h6 1/2-1/2

[Event "Xtracon Chess Open 2017"]
[Site "Helsingor DEN"]
[Date "2017.07.30"]
[Round "10.97"]
[White "Stray, Gunnar"]
[Black "Kashwan, Hassan"]
[Result "1/2-1/2"]
[WhiteElo "2078"]
[BlackElo "1892"]
[WhiteFideId "1501631"]
[BlackFideId "137122555"]
[EventDate "2017.07.22"]

1. d4 Nf6 2. Nf3 d6 3. g3 g6 4. Bg2 Bg7 5. O-O O-O 6. Nbd2 a5 7. e4 Bg4 8. h3
Bd7 9. e5 Ne8 10. c4 Qc8 11. Kh2 c5 12. exd6 Nxd6 13. d5 a4 14. a3 Na6 15. Re1
Qd8 16. Ng5 Nc7 17. Nge4 Ra5 18. Nxd6 exd6 19. Ne4 Ra6 20. Bg5 f6 21. Bf4 Be8
22. Qd2 b5 23. cxb5 Nxb5 24. Bh6 Nd4 25. Bxg7 Kxg7 26. Rab1 Rb6 27. Qf4 g5 28.
Qd2 Bg6 29. f4 h6 30. g4 Rb3 31. f5 Be8 32. Re3 Rxe3 33. Qxe3 Qe7 34. Qg3 Nb5
35. b3 Nxa3 36. Rb2 axb3 37. Rxb3 Nc4 38. Rb8 Bf7 39. Rxf8 Kxf8 40. Nc3 Ne3 41.
Kg1 Qe5 42. Qxe5 dxe5 43. Be4 Ke7 44. Kf2 Nc4 45. Bd3 Nd6 46. Bc2 Be8 47. Ke3
Bb5 48. Bd3 Be8 49. Bc2 Kd8 50. Ba4 Bxa4 51. Nxa4 c4 52. Nc5 Kc7 53. Kd2 Kb6 54.
Nd7+ Kb5 55. Nxf6 Kc5 56. Ke3 c3 57. Kd3 Kb4 58. Nd7 e4+ 59. Kc2 Kc4 60. Nb6+
Kd4 61. Na4 Kxd5 62. Kxc3 Ke5 63. Nc5 Kf4 64. Kd4 e3 65. Ne6+ Kf3 66. Kd3 Nf7
67. Nd4+ Kf2 68. f6 Ne5+ 69. Ke4 Nd7 70. Kf5 Nf8 71. f7 e2 72. Nxe2 Kxe2 73. Kf6
Kf3 74. Kg7 Ne6+ 75. Kf6 Nf8 76. Kg7 Nd7 77. Kxh6 Kf4 78. Kg6 Nf8+ 79. Kf6 Ke4
80. Kxg5 Ke5 81. Kh6 Kf6 82. h4 Kxf7 83. h5 Ne6 84. g5 Nxg5 85. Kxg5 Kg7 86. h6+
Kh7 87. Kh5 Kh8 88. Kg6 Kg8 89. h7+ 1/2-1/2